00434nam a22001457a 4500008004100000040005500041080001400096100002200110245003100132260005900163300001000222500003600232650000800268653001200276230420b |||||||| |||| 00| 0 eng d aNational Science LibrarycNational Science Library a502.2bN2 aThomson, Arthur J aOutline of natural history aNew Delhi: bH. K. Publishers and Distributors, c1992 a386p. aVol. 1; 368p. Vol. 2; 387-720p. aUSA aBritish